LEADER 01268nam a2200265 4500 001 000000352716 003 CaOOAMICUS 005 20230201112021.0 008 230118s2004 sp a 000 u spa r 020 $a84-7239-268-6 040 $aSeMil$bita 100 1 $aGil de Muro, Eduardo T.,$c.$0(OLS)http://semarc/name/91252 245 10$aCada vez que mire el mar :$buna biografia de Teresa De Los Andes (Juanita Fernández Solar)$cEduardo T. Gil De Muro. 264 1$aBurgos :$bMonte Carmelo,$c2004. 300 $a326 p. :$bill. ;$c19 cm 490 1 $aColeccion ŤAsi Erať ;$v18 600 04$aTeresa de Jesús de Los Andes [Juana Fernández Solar] .$0(OLS)http://semarc/subject/46358 830 0$aAsi era ;$v18.$0(OLS)http://semarc/title/442622 850 $aSeMil 852 $aSeMil$W1$xVenegono$y1$m3H I 608$j238308$B243937$CSeMilBibl$Z2$F243937 $81 961 $aPerego don Stefano - Omaggio 996 $6020$a84-7239-268-6$9(OLS)http://semarc/number/297486 996 $6245$aCada vez que mire el mar :$buna biografia de Teresa De Los Andes (Juanita Fernández Solar)$9(OLS)http://semarc/title/442621 996 $6264$aBurgos :$bMonte Carmelo$9(OLS)http://semarc/publisher/30761 LEADER 01753nam a2200241 i 4500 001 000000195804 003 CaOOAMICUS 005 20101229000000.0 008 101229s2014 it u000 u ita u 013 $a174484 040 $aSeMil$bita 110 0 $aRinnovamento nello Spirito Santo :$bComitato nazionale di servizio.$0(OLS)http://semarc/name/91292 245 13$aLa gioia di servire :$blinee di indirizzo pastorale e criteri di discernimento, alla luce della Esortazione Evangelii gaudium, per un nuovo profilo dei responsabili del Rinnovamento nello Spirito in vista dei rinnovi pastorali per il Quadriennio 2015-2018 /$cRinnovamento nello Spirito e la Chiesa "in uscita" missionaria di Papa Francesco ; a cura del Comitato Nazionale di Servizio e del Consiglio Nazionale. 260 $aRoma :$bRinnovamento nello Spirito Santo,$c2014. 300 $a63 p. ;$c21 cm. 650 4$aRinnovamento nello Spirito (Movimento).$0(OLS)http://semarc/subject/1768 650 4$aFrancesco I - Esortazioni apostoliche . Evangelii gaudium.$0(OLS)http://semarc/subject/26519 700 1 $aComitato Nazionale di Servizio del Rinnovamento nello Spirito Santo.$0(OLS)http://semarc/name/63258 850 $aSeMil 852 $aSeMil$W1$xVenegono$y1$m5B XII 7/24$j146373$B146373$CSeMilBibl$Z2$F157843 $81 961 $aOmaggio: Delpini mons. Mario 996 $6245$aLa gioia di servire :$blinee di indirizzo pastorale e criteri di discernimento, alla luce della Esortazione Evangelii gaudium, per un nuovo profilo dei responsabili del Rinnovamento nello Spirito in vista dei rinnovi pastorali per il Quadriennio 2015-2018$9(OLS)http://semarc/title/282622 996 $6260$aRoma :$bRinnovamento nello Spirito Santo$9(OLS)http://semarc/publisher/33016